00414nam a2200133 a 4500008004100000050001500041100004200056245005600098260003500154300002100189350000900210650004700219650001400266120416s1924 ||||||||||||||||| || u aHC 246 Kno aKnowles, Lilian Charlotte Anne (Tomm)10aEconomic development of the British Overseas Empire aLondonbGeorge Routledgec1924 axv, 555p. : ill. a0.00 0aECONOMIC DEVELOPMENT--DEVELOPING COUNTRIES 0aECONOMICS